[Event "ICS rated blitz match"]
[Site "204.178.125.65"]
[Date "1999.08.09"]
[Round "?"]
[White "sicillianknight"]
[Black "Hossa"]
[Result "1-0"]
[WhiteElo "2838"]
[BlackElo "2441"]
[PlyCount "111"]
[EventDate "1999.??.??"]

1. d4 d5 2. c4 e6 3. Nc3 c6 4. Nf3 Nf6 5. Bg5 Bb4 6. Qc2 O-O 7. e3 Nbd7 8. Bd3
h6 9. Bxf6 Nxf6 10. O-O c5 11. cxd5 exd5 12. dxc5 Bxc5 13. Bf5 Bb4 14. Nb5 Bd7
15. Nbd4 Rc8 16. Qd3 Re8 17. Rfd1 Ne4 18. Nc2 Rxc2 19. Bxd7 Rxb2 20. Bxe8 Qxe8
21. Rdb1 Rxb1+ 22. Rxb1 a5 23. Rc1 Qd8 24. Ne5 Qf6 25. Rc8+ Kh7 26. f4 Qe6 27.
Rd8 Bc5 28. Kf1 f5 29. Qxd5 Qxd5 30. Rxd5 Bxe3 31. Nd3 Nc3 32. Rxa5 b5 33. Ra8
g5 34. Rc8 Nd5 35. fxg5 hxg5 36. Re8 Bd4 37. Rd8 Ne3+ 38. Ke2 Bb6 39. Rd7+ Kh8
40. Rd6 Nc4 41. Rd5 Ne3 42. Rxb5 Bd4 43. g3 Ng4 44. Rxf5 Nxh2 45. Rxg5 Bg1 46.
a4 Kh7 47. Nf4 Kh8 48. Nh3 Bd4 49. a5 Bc3 50. a6 Bd4 51. Nf4 Ba7 52. Nh5 Bd4
53. a7 Kh7 54. a8=Q Nf3 55. Qg8+ Kh6 56. Qg6# {Hossa checkmated} 1-0

[Event "ICS rated blitz match"]
[Site "204.178.125.65"]
[Date "1999.08.09"]
[Round "?"]
[White "Hossa"]
[Black "sicillianknight"]
[Result "0-1"]
[WhiteElo "2438"]
[BlackElo "2841"]
[PlyCount "60"]
[EventDate "1999.??.??"]

1. d4 Nf6 2. c4 e6 3. Nc3 Bb4 4. Bg5 c5 5. d5 d6 6. Qc2 exd5 7. cxd5 O-O 8. e4
Nbd7 9. Be2 Re8 10. Nf3 h6 11. Bh4 g5 12. Bg3 Nxe4 13. O-O Bxc3 14. bxc3 Ndf6
15. Bb5 Bd7 16. Bxd7 Qxd7 17. Rfd1 h5 18. h4 g4 19. Ne1 Qf5 20. Qb3 Nxg3 21.
fxg3 Ne4 22. Kh2 Nxg3 23. Kxg3 Re3+ 24. Nf3 gxf3 25. Re1 Qg4+ 26. Kf2 Rae8 27.
g3 Re2+ 28. Rxe2 Rxe2+ 29. Kf1 Qh3+ 30. Kg1 30... f2# {Hossa checkmated} 0-1

[Event "ICS rated blitz match"]
[Site "204.178.125.65"]
[Date "1999.08.09"]
[Round "?"]
[White "sicillianknight"]
[Black "Hossa"]
[Result "1-0"]
[WhiteElo "2844"]
[BlackElo "2435"]
[PlyCount "110"]
[EventDate "1999.??.??"]

1. d4 d5 2. c4 e6 3. Nc3 c6 4. Nf3 Nf6 5. Bg5 Bb4 6. Qc2 O-O 7. e3 Nbd7 8. Bd3
h6 9. Bxf6 Nxf6 10. O-O c5 11. cxd5 exd5 12. dxc5 Bxc5 13. Bf5 Bb4 14. Ne2 Be6
15. Bxe6 fxe6 16. Nf4 Qd7 17. Ne5 Qd6 18. Nfg6 Rfc8 19. Qd3 Nd7 20. Nxd7 Qxd7
21. Rad1 Qf7 22. a4 Rc7 23. Nf4 Rac8 24. Ne2 Rc4 25. Nd4 Be7 26. a5 Bb4 27. a6
bxa6 28. b3 R4c5 29. Qxa6 e5 30. Nf3 Re8 31. Ra1 Rc7 32. Qb5 a5 33. Rac1 Rb7
34. Qe2 Ba3 35. Ra1 Rxb3 36. Nd2 Rc3 37. Nb1 Bb4 38. Nxc3 Bxc3 39. Rac1 d4 40.
Rc2 Rb8 41. Qd3 Rb4 42. Qe4 Qb3 43. Rcc1 dxe3 44. Qxe3 Bd4 45. Rc8+ Kf7 46. Qe4
Rb7 47. Qf5+ Ke7 48. Rfc1 Qb5 49. Qf8+ Ke6 50. R1c6+ Qxc6 51. Rxc6+ Kd5 52.
Qd6+ Ke4 53. Qg6+ Kd5 54. Ra6 Bxf2+ 55. Kxf2 55... Rb2+ {Hossa resigns} 1-0

[Event "ICS rated blitz match"]
[Site "204.178.125.65"]
[Date "1999.08.09"]
[Round "?"]
[White "Hossa"]
[Black "sicillianknight"]
[Result "1/2-1/2"]
[WhiteElo "2432"]
[BlackElo "2847"]
[PlyCount "229"]
[EventDate "1999.??.??"]

1. d4 Nf6 2. c4 e6 3. Nc3 Bb4 4. Bg5 h6 5. Bh4 c5 6. dxc5 Bxc5 7. e4 Nc6 8. Bd3
Qb6 9. Qd2 Ne5 10. Be2 Qb4 11. Bxf6 gxf6 12. a3 Qb3 13. Nb5 O-O 14. Nc7 Rb8 15.
Nf3 Qb6 16. Nxe5 fxe5 17. Qxh6 Bxf2+ 18. Kf1 Be3 19. Qh4 Qxb2 20. Qg3+ Kh7 21.
Rd1 Bh6 22. Bd3 f6 23. Be2 f5 24. Nb5 fxe4+ 25. Ke1 e3 26. Rf1 Rf4 27. Rf3 Ra8
28. Bd3+ e4 29. Rxf4 exd3 30. Rf7+ Kh8 31. Rxd3 a6 32. Qh4 Kg8 33. Nd6 Qc1+ 34.
Rd1 Qc3+ 35. Kf1 e2+ 36. Kxe2 Qe3+ 37. Kf1 Qg5 38. Qe4 Bg7 39. Qf3 Qh4 40. Kg1
Qg5 41. Nxc8 Rxc8 42. Rfxd7 Qe5 43. Qxb7 Rxc4 44. Qxa6 Rf4 45. Qd3 Qc5+ 46. Kh1
Qf2 47. Re7 e5 48. Re8+ Rf8 49. Rxf8+ Qxf8 50. Qg6 Kh8 51. a4 Qf4 52. Rd8+ Bf8
53. Qh5+ Kg8 54. Qf3 Qc1+ 55. Rd1 Qg5 56. Rf1 Bg7 57. a5 Qg6 58. Qb3+ Kh7 59.
Qd5 e4 60. a6 Qxa6 61. Qxe4+ Kh8 62. Qe8+ Kh7 63. Qh5+ Kg8 64. Qf7+ Kh8 65. Re1
Kh7 66. Rc1 Qb5 67. Rd1 Qe5 68. Rb1 Kh6 69. Rb6+ Kh7 70. h3 Qe1+ 71. Kh2 Qe5+
72. g3 Qe2+ 73. Kh1 Qe4+ 74. Kg1 Qe3+ 75. Qf2 Qxf2+ 76. Kxf2 Bd4+ 77. Kf3 Bxb6
78. g4 Bd4 79. h4 Kh6 80. Kf4 Bb2 81. Kf5 Ba1 82. Ke6 Kg6 83. Kd5 Bc3 84. Kc6
Be5 85. Kb5 Bc7 86. Kc5 Ba5 87. Kc6 Kf7 88. h5 Be1 89. g5 Ke6 90. g6 Bd2 91.
Kc7 Bh6 92. Kc8 Kf6 93. Kd8 Bg5 94. Kd7 Bh6 95. Kd6 Kf5 96. Ke7 Kg4 97. Kf6
Kxh5 98. Ke5 Bg7+ 99. Kf5 Kh4 100. Ke6 Kg3 101. Kf5 Kf2 102. Kg5 Ke1 103. Kh5
Kd1 104. Kg5 Kc1 105. Kh5 Kb1 106. Kg5 Ka1 107. Kh5 Ka2 108. Kg5 Bc3 109. Kh5
Ba1 110. Kh6 Bb2 111. Kh7 Ba1 112. Kg8 Bb2 113. Kh7 Ba1 114. Kg8 Bb2 115. Kh7 {
Game drawn by repetition} 1/2-1/2

[Event "ICS rated blitz match"]
[Site "204.178.125.65"]
[Date "1999.08.09"]
[Round "?"]
[White "StanleyCup"]
[Black "Hossa"]
[Result "1-0"]
[WhiteElo "2689"]
[BlackElo "2445"]
[PlyCount "147"]
[EventDate "1999.??.??"]

1. e4 e6 2. d4 d5 3. Nd2 c5 4. exd5 exd5 5. Ngf3 Nc6 6. Bb5 Qe7+ 7. Be2 Bf5 8.
O-O cxd4 9. Nb3 Qd7 10. Nfxd4 Bd6 11. Nxf5 Qxf5 12. Bg4 Qg6 13. Bh5 Qf5 14. Be2
Nge7 15. Bg4 Qf6 16. Re1 O-O 17. Qf3 Qxf3 18. Bxf3 Rfe8 19. Bg5 Ne5 20. Bh5 g6
21. Be2 Rac8 22. Bb5 N7c6 23. Rad1 a6 24. Bf1 Bc7 25. c3 Bb6 26. Re2 Nc4 27.
Rxe8+ Rxe8 28. Rxd5 N6e5 29. Bf6 Ng4 30. Bd4 Re1 31. h3 Nh2 32. Kxh2 Rxf1 33.
Bxb6 Nxb6 34. Rd2 Na4 35. Na5 b5 36. c4 bxc4 37. Nxc4 Nc5 38. Rd5 Ne4 39. f3
Rc1 40. b3 Nc3 41. Ra5 Rc2 42. a4 Ne2 43. Rxa6 Nd4 44. Ne5 Nxb3 45. Ra7 f5 46.
Nd7 Rc6 47. a5 Nd4 48. a6 h5 49. Ne5 Re6 50. Ra8+ Kg7 51. a7 Ra6 52. Rd8 Rxa7
53. Rxd4 Kf6 54. f4 Ra6 55. Rd7 Ke6 56. Rg7 Ra8 57. Rxg6+ Kd5 58. Kg3 Rh8 59.
Nf3 Rd8 60. Rf6 Ke4 61. Ng5+ Kd3 62. Rxf5 Rg8 63. Rf7 Rh8 64. Rh7 Rf8 65. Rxh5
Rd8 66. f5 Ke3 67. f6 Rd5 68. f7 Rd8 69. Ne6 Rd6 70. f8=Q Rxe6 71. Rd5 Rg6+ 72.
Kh2 Rxg2+ 73. Kxg2 Ke2 74. Qf2# {Hossa checkmated} 1-0

[Event "ICS rated blitz match"]
[Site "204.178.125.65"]
[Date "1999.08.09"]
[Round "?"]
[White "libertad"]
[Black "Hossa"]
[Result "0-1"]
[WhiteElo "2173"]
[BlackElo "2445"]
[PlyCount "63"]
[EventDate "1999.??.??"]

1. e4 e6 2. d4 d5 3. Nc3 Bb4 4. e5 Ne7 5. Nf3 c5 6. Bb5+ Bd7 7. O-O cxd4 8.
Qxd4 Bxc3 9. Bxd7+ Qxd7 10. Qxc3 O-O 11. Bg5 Nbc6 12. Rad1 Nf5 13. Qa3 Rac8 14.
c4 d4 15. Rfe1 f6 16. exf6 gxf6 17. Bd2 e5 18. Rc1 Rfd8 19. Qd3 Rc7 20. b4 Qe6
21. b5 Nce7 22. Bb4 Ng6 23. Nd2 Rg7 24. Qe4 Ngh4 25. g3 Ng6 26. a4 Nh6 27. Qf3
Nh4 28. Qe2 Qh3 29. Qf1 Qf5 30. Kh1 Ng4 31. Re2 d3 32. gxh4 {libertad resigns}
0-1

[Event "ICS rated blitz match"]
[Site "204.178.125.65"]
[Date "1999.08.09"]
[Round "?"]
[White "libertad"]
[Black "Hossa"]
[Result "0-1"]
[WhiteElo "2162"]
[BlackElo "2456"]
[PlyCount "100"]
[EventDate "1999.??.??"]

1. Nf3 c5 2. e4 e6 3. c3 d5 4. exd5 exd5 5. d4 Bd6 6. dxc5 Bxc5 7. Bb5+ Nc6 8.
O-O Nge7 9. Nbd2 O-O 10. Nb3 Bd6 11. Nbd4 Bg4 12. Qa4 Nxd4 13. Nxd4 Qc7 14. h3
Be6 15. Bg5 a6 16. Nxe6 fxe6 17. Bd7 e5 18. Bxe7 Bxe7 19. Be6+ Kh8 20. Bxd5
Rad8 21. Rad1 Bc5 22. Qc2 Qe7 23. b4 Ba7 24. Qe4 b5 25. Rd2 Rf4 26. Qe2 Qc7 27.
Bb3 Rdf8 28. Kh1 Qxc3 29. Rc2 Qxb4 30. Qxe5 Rxf2 31. Rcxf2 Bxf2 32. Rd1 Qc5 33.
Qxc5 Bxc5 34. Kh2 Ba7 35. Rd7 Bb8+ 36. Kg1 Bg3 37. Rd3 Be1 38. Kh2 h6 39. g4 a5
40. Re3 Bh4 41. Re5 a4 42. Bd5 b4 43. Re6 Rf2+ 44. Kg1 Rd2 45. Bc4 Bg3 46. Re8+
Kh7 47. Bg8+ Kg6 48. Re6+ Kg5 49. Rb6 Bf2+ 50. Kf1 50... Bxb6 {libertad resigns
} 0-1

[Event "ICS rated blitz match"]
[Site "204.178.125.65"]
[Date "1999.08.09"]
[Round "?"]
[White "VESta"]
[Black "Hossa"]
[Result "0-1"]
[WhiteElo "2315"]
[BlackElo "2464"]
[PlyCount "168"]
[EventDate "1999.??.??"]

1. e4 e6 2. d4 d5 3. e5 b6 4. Nf3 c5 5. c3 Bb7 6. Bb5+ Bc6 7. Bd3 cxd4 8. cxd4
Nd7 9. O-O Rc8 10. Nc3 Bb4 11. Ne2 Be7 12. Ng3 Bb4 13. a3 Be7 14. Nh5 g6 15.
Ng3 f6 16. Re1 fxe5 17. Nxe5 Nxe5 18. Rxe5 Bd7 19. Re1 Bh4 20. Bf4 Ne7 21. Be5
O-O 22. Qg4 Bf6 23. Bxf6 Rxf6 24. Qg5 Qf8 25. f3 Rf4 26. Rad1 h6 27. Qe5 Nc6
28. Qe3 Nxd4 29. Bxg6 Nc2 30. Bxc2 Rxc2 31. b4 Rf6 32. Qd3 Qc8 33. Nh5 Rf5 34.
Re5 Bb5 35. Qe3 Rxg2+ 36. Kxg2 Qc2+ 37. Rd2 Rxe5 38. Qxh6 Qxd2+ 39. Qxd2 Re2+
40. Qxe2 Bxe2 41. Nf4 Bc4 42. Nxe6 a5 43. Kf2 Kf7 44. Nd4 Kg6 45. Ke3 axb4 46.
axb4 b5 47. Kf4 Kf6 48. h4 Bf1 49. h5 Bd3 50. Ke3 Bc4 51. Kf4 Bd3 52. h6 Kg6
53. Ke5 Bc4 54. Nf5 Kh7 55. f4 Ba2 56. Kd4 Bc4 57. Ke5 Ba2 58. Kf6 Bb1 59. Ne7
d4 60. Nd5 d3 61. Nc3 d2 62. Ke5 Bc2 63. Kd4 d1=R+ 64. Nxd1 Bxd1 65. Kc5 Be2
66. f5 Kxh6 67. Kd4 Kg5 68. Ke5 Bd3 69. f6 Bc4 70. Kd4 Kxf6 71. Kc5 Ke5 72. Kc6
Kd4 73. Kb6 Kc3 74. Ka5 Be2 75. Kb6 Kxb4 76. Kc6 Kc4 77. Kd6 b4 78. Ke5 b3 79.
Ke4 b2 80. Ke3 b1=Q 81. Kf4 Bh5 82. Ke3 Qf1 83. Ke4 Qf6 84. Ke3 84... Qd4# {
VESta checkmated} 0-1

[Event "ICS rated blitz match"]
[Site "204.178.125.65"]
[Date "1999.08.09"]
[Round "?"]
[White "Hossa"]
[Black "VESta"]
[Result "1-0"]
[WhiteElo "2474"]
[BlackElo "2305"]
[PlyCount "121"]
[EventDate "1999.??.??"]

1. d4 d5 2. c4 c6 3. Nf3 Nf6 4. Nc3 e6 5. e3 Nbd7 6. Bd3 dxc4 7. Bxc4 b5 8. Bd3
b4 9. Ne4 Be7 10. Nxf6+ Nxf6 11. O-O O-O 12. Qc2 Bb7 13. Ng5 h6 14. Nh7 Nxh7
15. Bxh7+ Kh8 16. Be4 Qb6 17. a3 a5 18. Rb1 Rac8 19. axb4 axb4 20. Bd3 c5 21.
dxc5 Qxc5 22. Qe2 Rfd8 23. Rd1 Bf6 24. Ra1 Ra8 25. Rxa8 Bxa8 26. g3 Qd5 27. e4
Qe5 28. f3 Qd4+ 29. Kh1 Qe5 30. Qe1 Qh5 31. Be2 Rxd1 32. Qxd1 Qc5 33. Bd2 Qd4
34. Qe1 Bxe4 35. Bxb4 Qe3 36. Kg2 Bd5 37. Bd2 Qb3 38. Bc3 Bxc3 39. Qxc3 Qxc3
40. bxc3 Kg8 41. c4 Bc6 42. c5 Kf8 43. Kf2 e5 44. Bd3 Ke7 45. Bc4 f6 46. g4 Kd7
47. h4 Ba4 48. Bf7 Kc6 49. Be8+ Kxc5 50. Bxa4 Kd4 51. h5 e4 52. Be8 Ke5 53. Bg6
exf3 54. Kxf3 Ke6 55. Ke4 Kd6 56. Bf7 Ke7 57. Bc4 Kf8 58. Kf5 Ke7 59. Kg6 Kf8
60. Bb3 f5 61. gxf5 {VESta resigns} 1-0

[Event "ICS rated blitz match"]
[Site "204.178.125.65"]
[Date "1999.08.09"]
[Round "?"]
[White "Hossa"]
[Black "StanleyCup"]
[Result "0-1"]
[WhiteElo "2495"]
[BlackElo "2695"]
[PlyCount "83"]
[EventDate "1999.??.??"]

1. d4 d5 2. c4 e6 3. Nc3 Nf6 4. cxd5 exd5 5. Nf3 Be7 6. Bg5 O-O 7. e3 Nbd7 8.
Bd3 c6 9. Nd2 Re8 10. O-O h6 11. Bf4 Bf8 12. Rc1 g6 13. Nf3 Nh5 14. Ne2 Nxf4
15. Nxf4 Qa5 16. a3 Qd8 17. Qd2 Bg7 18. Rfe1 Nf6 19. Ne5 Ne4 20. Bxe4 dxe4 21.
Nc4 Bg4 22. Qb4 Bc8 23. Qb3 Qe7 24. Rc2 Bf5 25. Rec1 Rab8 26. Qc3 c5 27. b4
cxd4 28. exd4 e3 29. Re2 exf2+ 30. Rxf2 Rbc8 31. Nh5 gxh5 32. Rxf5 Qe4 33. Qf3
Rxc4 34. Rxc4 Bxd4+ 35. Kh1 Qb1+ 36. Qf1 Qxf5 37. Rc1 Qxf1+ 38. Rxf1 Bb2 39. a4
Re4 40. a5 Rxb4 41. Rf5 Re4 42. g3 {Hossa resigns} 0-1

[Event "ICS rated blitz match"]
[Site "204.178.125.65"]
[Date "1999.08.09"]
[Round "?"]
[White "Secret"]
[Black "Hossa"]
[Result "1-0"]
[WhiteElo "2426"]
[BlackElo "2487"]
[PlyCount "72"]
[EventDate "1999.??.??"]

1. Nf3 c5 2. b3 d5 3. e3 Bg4 4. h3 Bh5 5. Bb5+ Nc6 6. g4 Bg6 7. Ne5 Rc8 8. Bb2
Qc7 9. c4 a6 10. Ba4 e6 11. cxd5 exd5 12. Bxc6+ bxc6 13. Qe2 a5 14. g5 Bf5 15.
d3 f6 16. Nf3 Qe7 17. h4 fxg5 18. hxg5 Bg6 19. Nc3 Rc7 20. Na4 Qf7 21. Ne5 Qe6
22. e4 Be7 23. f4 dxe4 24. dxe4 c4 25. O-O Qh3 26. Rf3 Qh4 27. Kg2 Bxe4 28.
Qxe4 Nf6 29. gxf6 gxf6 30. Rg3 cxb3 31. Rh1 Qxg3+ 32. Kxg3 fxe5 33. Bxe5 Rg8+
34. Kf3 Rd7 35. Nb6 Rg6 36. Rxh7 36... Re6 {Hossa resigns} 1-0

[Event "ICS rated blitz match"]
[Site "204.178.125.65"]
[Date "1999.08.09"]
[Round "?"]
[White "Hossa"]
[Black "DrHugoELO"]
[Result "1-0"]
[WhiteElo "2466"]
[BlackElo "2206"]
[PlyCount "53"]
[EventDate "1999.??.??"]

1. d4 c5 2. d5 e5 3. e4 d6 4. Bb5+ Bd7 5. Bxd7+ Nxd7 6. Ne2 Be7 7. c4 Ngf6 8.
Nd2 O-O 9. O-O Ne8 10. f4 Bf6 11. Qb3 Rb8 12. fxe5 Bxe5 13. Qh3 g6 14. Nf3 Bg7
15. Bh6 Qe7 16. Ng5 Nef6 17. b3 Bxh6 18. Qxh6 Rfe8 19. Nc3 Nf8 20. Rf4 Qe5 21.
Raf1 Re7 22. Rxf6 Qxc3 23. Kh1 Qe3 24. Nxf7 Qxe4 25. Nd8 Rxd8 26. Rxf8+ Rxf8
27. Rxf8# {DrHugoELO checkmated} 1-0

[Event "ICS rated blitz match"]
[Site "204.178.125.65"]
[Date "1999.08.09"]
[Round "?"]
[White "Galaad"]
[Black "Hossa"]
[Result "0-1"]
[WhiteElo "2024"]
[BlackElo "2472"]
[PlyCount "28"]
[EventDate "1999.??.??"]

1. Nf3 c5 2. g3 d5 3. Bg2 Nc6 4. O-O e5 5. d3 Nf6 6. Bg5 Be7 7. Nfd2 O-O 8. Nc3
d4 9. Bxf6 Bxf6 10. Nce4 Be7 11. Nc4 f6 12. e3 Qd7 13. exd4 cxd4 14. Ncd2 14...
f5 {Galaad resigns} 0-1

[Event "ICS rated blitz match"]
[Site "204.178.125.65"]
[Date "1999.08.09"]
[Round "?"]
[White "Hossa"]
[Black "betimes"]
[Result "1/2-1/2"]
[WhiteElo "2474"]
[BlackElo "2156"]
[PlyCount "101"]
[EventDate "1999.??.??"]

1. d4 Nf6 2. c4 g6 3. Nc3 d5 4. e3 Bg7 5. Nf3 O-O 6. cxd5 Nxd5 7. e4 Nxc3 8.
bxc3 c5 9. Be3 Qa5 10. Bd2 Nc6 11. d5 Ne5 12. Nxe5 Bxe5 13. Qb3 Qc7 14. Bh6 Re8
15. Bb5 Rd8 16. Rb1 a6 17. Be2 b5 18. g3 c4 19. Qc2 Qa5 20. Rc1 e6 21. f4 Bg7
22. Bxg7 Kxg7 23. Rd1 exd5 24. exd5 Bf5 25. Qd2 Qb6 26. Qd4+ Qxd4 27. Rxd4 Rxd5
28. Rxd5 Be4 29. Rd7 Bxh1 30. a4 Re8 31. Kf2 Bc6 32. Rc7 Be4 33. axb5 axb5 34.
Rc5 Rb8 35. Ke3 f5 36. g4 Re8 37. Rxb5 Bd3+ 38. Re5 Rxe5+ 39. fxe5 Bxe2 40.
Kxe2 fxg4 41. Ke3 Kf7 42. Kd4 Ke6 43. Kxc4 h5 44. Kd4 h4 45. Ke4 g3 46. hxg3
hxg3 47. Kf3 Kxe5 48. Kxg3 Kd5 49. Kf4 Kc4 50. Kg5 Kxc3 51. Kxg6 {
Game drawn because neither player has mating material} 1/2-1/2

[Event "ICS Rated blitz match"]
[Site "204.178.125.65"]
[Date "1999.08.09"]
[Round "?"]
[White "Hossa"]
[Black "Yousef"]
[Result "1-0"]
[WhiteElo "2462"]
[BlackElo "2098"]
[PlyCount "29"]
[EventDate "1999.??.??"]

1. d4 d5 2. Nf3 Nf6 3. c4 c5 4. cxd5 cxd4 5. Qxd4 e6 6. dxe6 Bxe6 7. Qxd8+ Kxd8
8. Nc3 Nc6 9. Bg5 Be7 10. e4 a6 11. O-O-O+ Kc7 12. Nd5+ Bxd5 13. exd5 Nb4 14.
Bxf6 Bxf6 15. a3 {Yousef resigns} 1-0

[Event "ICS rated blitz match"]
[Site "204.178.125.65"]
[Date "1999.08.09"]
[Round "?"]
[White "Yousef"]
[Black "Hossa"]
[Result "0-1"]
[WhiteElo "2094"]
[BlackElo "2466"]
[PlyCount "70"]
[EventDate "1999.??.??"]

1. d4 e6 2. e4 Nf6 3. Nc3 d5 4. Bg5 Be7 5. e5 Nfd7 6. Bxe7 Qxe7 7. f4 Qb4 8. a3
Qb6 9. Nf3 O-O 10. Bd3 f6 11. Ng5 fxg5 12. Qh5 h6 13. Qg6 Qxb2 14. Qh7+ Kf7 15.
Qg6+ Ke7 16. Kd2 Qb6 17. Qxg7+ Rf7 18. Qxh6 gxf4 19. Qg5+ Ke8 20. Ne2 Nf8 21.
h4 c5 22. h5 cxd4 23. h6 f3 24. gxf3 Rxf3 25. h7 Nxh7 26. Rxh7 Qa5+ 27. c3
dxc3+ 28. Kc2 Qa4+ 29. Kxc3 Rxd3+ 30. Kxd3 Qe4+ 31. Kd2 Qxh7 32. Rf1 Nd7 33.
Rh1 Qxh1 34. Qg8+ Nf8 35. Qg7 35... Qa1 {Yousef resigns} 0-1

[Event "ICS rated blitz match"]
[Site "204.178.125.65"]
[Date "1999.08.10"]
[Round "?"]
[White "Maect"]
[Black "Hossa"]
[Result "0-1"]
[WhiteElo "2054"]
[BlackElo "2469"]
[PlyCount "50"]
[EventDate "1999.??.??"]

1. e4 e6 2. d4 d5 3. Nc3 Bb4 4. e5 Ne7 5. a3 Bxc3+ 6. bxc3 O-O 7. Nf3 f6 8.
exf6 Rxf6 9. Bd3 c5 10. Bg5 Rf8 11. Bd2 b6 12. Bxh7+ Kxh7 13. Ng5+ Kg8 14. Qh5
Rf5 15. g4 Rxg5 16. Bxg5 Qf8 17. f4 Nec6 18. O-O-O cxd4 19. cxd4 Qxa3+ 20. Kd2
Nxd4 21. Qe8+ Qf8 22. Qg6 Qb4+ 23. c3 Qb2+ 24. Kd3 Qe2+ 25. Kxd4 25... Nc6# {
Maect checkmated} 0-1

[Event "ICS rated blitz match"]
[Site "204.178.125.65"]
[Date "1999.08.10"]
[Round "?"]
[White "Hossa"]
[Black "PostModernist"]
[Result "0-1"]
[WhiteElo "2472"]
[BlackElo "2417"]
[PlyCount "141"]
[EventDate "1999.??.??"]

1. d4 Nf6 2. c4 e6 3. Nc3 Bb4 4. Bg5 h6 5. Bh4 c5 6. d5 d6 7. Rc1 Bxc3+ 8. Rxc3
g5 9. Bg3 Ne4 10. Ra3 Qb6 11. Qa4+ Bd7 12. Qb3 Qxb3 13. Rxb3 b6 14. Re3 Nxg3
15. hxg3 Na6 16. Kd1 Nc7 17. Kc1 f5 18. dxe6 Bxe6 19. b3 a5 20. Rd3 a4 21. Nf3
axb3 22. axb3 Ke7 23. Kb1 d5 24. Ne5 Kf6 25. cxd5 Nxd5 26. Nd7+ Ke7 27. Ne5 Rh7
28. Nf3 Nf6 29. Nd2 Ng4 30. Rf3 Rf8 31. e4 Rd8 32. Kc2 Rxd2+ 33. Kxd2 fxe4 34.
Rc3 Nxf2 35. Rh5 Kf6 36. Bb5 Ke5 37. Ke1 Kd4 38. Kd2 Rh8 39. Be2 e3+ 40. Rxe3
Ne4+ 41. Rxe4+ Kxe4 42. Kc3 Ke3 43. Bb5 Kf2 44. Bc6 Bg4 45. Rh1 h5 46. Ra1 Rh6
47. Bd5 Rd6 48. Bb7 Re6 49. Bd5 Re3+ 50. Kd2 Be6 51. Bxe6 Rxe6 52. Rh1 Rh6 53.
g4 h4 54. Rh3 Kxg2 55. Re3 h3 56. Re2+ Kg3 57. Re3+ Kxg4 58. Re4+ Kf3 59. Re3+
Kf4 60. Re1 h2 61. Rh1 g4 62. Rf1+ Kg5 63. Rh1 g3 64. Kc2 g2 65. Rd1 g1=Q 66.
Rd5+ Kf4 67. Rd2 h1=Q 68. Kd3 Rh3+ 69. Kc2 Qg6+ 70. Rd3 Qxd3+ 71. Kb2 {
Hossa resigns} 0-1

[Event "ICS rated blitz match"]
[Site "204.178.125.65"]
[Date "1999.08.10"]
[Round "?"]
[White "Hossa"]
[Black "blunite"]
[Result "1-0"]
[WhiteElo "2453"]
[BlackElo "2240"]
[PlyCount "51"]
[EventDate "1999.??.??"]

1. d4 Nf6 2. c4 e6 3. Nf3 c5 4. Bg5 cxd4 5. Nxd4 a6 6. Nc3 Be7 7. Qb3 O-O 8.
Rd1 d6 9. e4 Nbd7 10. Be2 Qc7 11. O-O Re8 12. f3 b6 13. Qa4 Bb7 14. a3 Rac8 15.
Rc1 Bf8 16. b4 Qb8 17. Rfd1 Qa8 18. Bd3 h6 19. Bh4 g6 20. Be2 Bg7 21. Bg3 d5
22. e5 dxc4 23. exf6 b5 24. Ncxb5 axb5 25. Qxa8 Rxa8 26. fxg7 {blunite resigns}
1-0

[Event "ICS rated blitz match"]
[Site "204.178.125.65"]
[Date "1999.08.10"]
[Round "?"]
[White "Hossa"]
[Black "blunite"]
[Result "1-0"]
[WhiteElo "2467"]
[BlackElo "2226"]
[PlyCount "81"]
[EventDate "1999.??.??"]

1. d4 Nf6 2. c4 e6 3. Nf3 c5 4. Bg5 cxd4 5. Nxd4 a6 6. Nc3 Be7 7. Qd3 O-O 8. e4
d6 9. Be2 Nbd7 10. O-O Qc7 11. Rad1 Re8 12. Qg3 b6 13. Bh6 Bf8 14. f3 Bb7 15.
b3 Rac8 16. Bd3 Kh8 17. Bd2 d5 18. Qxc7 Rxc7 19. cxd5 exd5 20. Nxd5 Nxd5 21.
exd5 b5 22. Ba5 Rc5 23. Be4 Nf6 24. Bb4 Rxd5 25. Bxd5 Nxd5 26. Bxf8 Rxf8 27.
Rfe1 g6 28. g4 h6 29. a3 Kg7 30. h4 Rc8 31. Kg2 Rc3 32. Kg3 Kf8 33. Rc1 Rd3 34.
Red1 Re3 35. Rf1 Rd3 36. Rcd1 Rc3 37. Rfe1 Kg7 38. Rc1 Rd3 39. Red1 Re3 40. Kf2
f5 41. gxf5 {blunite resigns} 1-0

[Event "ICS rated blitz match"]
[Site "204.178.125.65"]
[Date "1999.08.10"]
[Round "?"]
[White "blunite"]
[Black "Hossa"]
[Result "0-1"]
[WhiteElo "2220"]
[BlackElo "2473"]
[PlyCount "140"]
[EventDate "1999.??.??"]

1. d4 e6 2. c4 d5 3. Nc3 Nf6 4. Bg5 Bb4 5. e3 c5 6. Nf3 cxd4 7. exd4 O-O 8. Bd3
h6 9. Bh4 Nc6 10. O-O dxc4 11. Bxc4 g5 12. Bg3 g4 13. Ne5 Qxd4 14. Qe2 Bxc3 15.
bxc3 Qe4 16. Rfe1 Qxe2 17. Rxe2 Nxe5 18. Bxe5 Nd7 19. Bf4 h5 20. Rd1 a6 21. a4
Nb6 22. Bb3 Nd7 23. Bd6 Rd8 24. a5 Nf6 25. f3 Ne8 26. Be5 Rxd1+ 27. Bxd1 gxf3
28. gxf3 Bd7 29. Rd2 Bc6 30. Kf2 Bd5 31. f4 f6 32. Bd4 h4 33. Bf3 Bxf3 34. Kxf3
Rd8 35. Rg2+ Kf7 36. Rg4 Rd5 37. Rxh4 Rxa5 38. Rh7+ Ng7 39. Rh8 e5 40. fxe5
fxe5 41. Be3 Ra4 42. Rc8 e4+ 43. Kg4 Ne8 44. h4 Nf6+ 45. Kg5 Ra5+ 46. Kf4 Ke6
47. Bc5 Kd7 48. Bb6 Nd5+ 49. Kxe4 Nxb6 50. Rh8 Nc8 51. Rh7+ Kc6 52. h5 Nd6+ 53.
Kd3 Rd5+ 54. Kc2 a5 55. h6 Rh5 56. Rh8 Nf7 57. Rc8+ Kb6 58. Rf8 Nxh6 59. Rh8 a4
60. Kb2 Kc6 61. Ka3 b5 62. Rh7 Rh4 63. Rh8 Nf5 64. Rc8+ Kd5 65. Rd8+ Nd6 66.
Rd7 Rc4 67. Kb2 Kc6 68. Rd8 Ne4 69. Rd4 Rxd4 70. cxd4 70... Kd5 {
blunite resigns} 0-1

[Event "ICS rated blitz match"]
[Site "204.178.125.65"]
[Date "1999.08.10"]
[Round "?"]
[White "Hossa"]
[Black "blunite"]
[Result "1-0"]
[WhiteElo "2479"]
[BlackElo "2214"]
[PlyCount "137"]
[EventDate "1999.??.??"]

1. d4 Nf6 2. c4 e6 3. Nc3 Bb4 4. Bg5 c5 5. d5 h6 6. Bd2 O-O 7. a3 Bxc3 8. Bxc3
exd5 9. cxd5 d6 10. e3 Re8 11. Bc4 Bg4 12. Bxf6 Qxf6 13. Qxg4 Qxb2 14. Rd1 Qc3+
15. Kf1 Nd7 16. Ne2 Ne5 17. Nxc3 Nxg4 18. e4 a6 19. Kg1 b5 20. Be2 Nf6 21. f3
Re7 22. g3 Rae8 23. Rc1 Nd7 24. g4 g6 25. h3 Kg7 26. h4 f5 27. gxf5 gxf5 28.
Rh2 f4 29. Rg2+ Kh7 30. Kh1 Ne5 31. Rcg1 Rf8 32. Nd1 c4 33. Nf2 a5 34. Rb1 Rb7
35. Ng4 Rff7 36. Rgg1 Nxg4 37. Rxg4 c3 38. Bd3 b4 39. e5+ Kh8 40. Rg6 b3 41.
Rxh6+ Kg8 42. Rxd6 c2 43. Rc1 b2 44. Rd8+ Rf8 45. Rg1+ Kf7 46. Rxf8+ Kxf8 47.
Bxc2 Rc7 48. Be4 Rc1 49. d6 Kf7 50. d7 Ke7 51. e6 a4 52. Kh2 Rxg1 53. Kxg1 Kd8
54. h5 Ke7 55. h6 Kd8 56. Bb1 Ke7 57. d8=Q+ Kxd8 58. h7 Ke7 59. Ba2 b1=Q+ 60.
Bxb1 Kxe6 61. h8=Q Kd5 62. Qa8+ Kc5 63. Qxa4 Kd5 64. Qxf4 Kc5 65. Qc7+ Kd5 66.
Ba2+ Kd4 67. Kf2 Kd3 68. Qc1 Kd4 69. Qe3# {blunite checkmated} 1-0

[Event "ICS rated blitz match"]
[Site "204.178.125.65"]
[Date "1999.08.10"]
[Round "?"]
[White "Hossa"]
[Black "blunite"]
[Result "0-1"]
[WhiteElo "2490"]
[BlackElo "2187"]
[PlyCount "80"]
[EventDate "1999.??.??"]

1. d4 Nf6 2. c4 e6 3. Nc3 Bb4 4. Bg5 c5 5. e3 Bxc3+ 6. bxc3 Qa5 7. Bxf6 Qxc3+
8. Ke2 gxf6 9. Kf3 cxd4 10. Ne2 Qa5 11. exd4 Nc6 12. a4 Rg8 13. c5 f5 14. Rb1
Qc7 15. Qd3 d6 16. Qb5 a6 17. Qb6 Qe7 18. cxd6 Qxd6 19. Ke3 e5 20. f4 f6 21.
fxe5 fxe5 22. dxe5 Qxe5+ 23. Kf2 f4 24. Re1 Kf7 25. Qb3+ Be6 26. Qxb7+ Ne7 27.
Qb6 Rad8 28. Nc1 Rd2+ 29. Re2 Rxe2+ 30. Nxe2 Nf5 31. Qb7+ Kg6 32. Qxa6 Qe3+ 33.
Ke1 Rc8 34. Kd1 Kg7 35. Qb7+ Kg8 36. Qb1 Bb3+ 37. Ke1 Nd4 38. Qa1 Nc2+ 39. Kd1
Nxa1+ 40. Ke1 40... Rc1# {Hossa checkmated} 0-1